000 00779cam a22002411 4500
001 gs 42000201
003 DLC
005 20260227111347.0
008 780823s1942 xx 000 0 eng
010 _ags 42000201
035 _a(OCoLC)4160781
040 _aDLC
_cTxEU
_dDLC
042 _apremarc
050 0 0 _aTN24.O5
_bA35 no. 13
082 _a(553.09766) 338.209766
100 1 _aBeach, John Osa,
_d1895-
245 1 0 _a... Mineral production of Oklahoma, 1885-1940,
_ccompiler by J. O. Beach.
260 _aNorman,
_c1942.
300 _a1, p., l., 34 p.
_billus., tables., diagrs., maps.
_c23 cm.
440 0 _aOklahoma. Geological Survey. Mineral report,
_vno. 13
500 _aReproduced from type-written copy.
650 0 _aMines and mineral resources
_zOklahoma.
999 _c27806
_d27806